Modernizácia marketingových a obchodných činností zborník z medzinárodnej vedeckej konferencie

Na minha lista:
Detalhes bibliográficos
Corporate Authors: Modernizácia marketingových a obchodných činností. Medzinárodná vedecká konferencia, Ekonomická univerzita v Bratislave. Obchodná fakulta, Slovenská marketingová spoločnosť
Outros Autores: Mariaš, Miroslav, Miklošík, Andrej, Čihovská, Viera, Kubiš, Juraj
Formato: Livro
Idioma:eslovaco
inglês
tcheco
Publicado em: Bratislava Vydavateľstvo EKONÓM 2006
Assuntos:
Tags: Adicionar Tag
Sem tags, seja o primeiro a adicionar uma tag!

MARC

LEADER 00000nam$a2200000$$$4500
001 0050439
005 20240522081405.3
020 |a 80-225-2242-2 
041 0 |a slo 
041 0 |a eng 
041 0 |a cze 
044 |a SK 
245 1 0 |a Modernizácia marketingových a obchodných činností  |b zborník z medzinárodnej vedeckej konferencie 
264 1 |a Bratislava  |b Vydavateľstvo EKONÓM  |c 2006 
300 |a 166 s. 
610 2 0 |a marketing 
610 2 0 |a obchod 
610 2 0 |a logistika 
610 2 0 |a inovácia 
610 2 0 |a marketing manažment 
610 2 0 |a obchod elektronický 
610 2 0 |a systém CRM 
610 2 0 |a kontroling 
610 2 0 |a komunikácia marketingová 
700 1 |a Mariaš, Miroslav 
700 1 |a Miklošík, Andrej 
700 1 |a Čihovská, Viera 
700 1 |a Kubiš, Juraj 
110 2 |a Modernizácia marketingových a obchodných činností. Medzinárodná vedecká konferencia 
710 2 |a Ekonomická univerzita v Bratislave. Obchodná fakulta 
710 2 |a Slovenská marketingová spoločnosť